Mapping conservation investments (Registro nro. 2365)

Detalles MARC
000 -CABECERA
Campo de control 00847nam a2200277 a 4500
005 - FECHA Y HORA DE LA ULTIMA TRANSACCION
Campo de control 20180803165007.0
008 - ELEMENTOS DE LONGITUD FIJA—INFORMACION GENERAL
Campo de control 140305b2000 waua gr|||| 00| 0 eng d
040 ## - FUENTE DE CATALOGACIÓN
Agencia catalogadora original CO-BoIAVH
Agencia transcriptora CO-BoIAVH
041 ## - IDIOMA
Código de idioma para texto/pista de sonido o título separado Inglés
044 ## - PAÍS DE PUBLICACIÓN
País de publicación Estados Unidos
082 #4 - NUMERO DE CLASIFICACION DECIMAL DEWEY
Número de clasificación 333.9516079
Número del ítem C35m
090 ## - CLASIFICACIÓN LOCAL
Colección LB
Consecutivo 02186
100 1# - ASIENTO PRINCIPAL--NOMBRE PERSONAL
Nombre personal Castro, G.
9 (RLIN) 15660
245 1# - MENCION DE TITULO
Título Mapping conservation investments
Parte restante del título an assessment of biodiversity funding in Latin America and the Caribbean
260 ## - PUBLICACION, DISTRIBUCION, ETC. (PIE DE IMPRENTA)
Lugar de publicación, distribución, etc. Washington
Nombre del editor, distribuidor, etc. World Wildlife Fund
Fecha de publicación, distribución, etc. 2000
300 ## - DESCRIPCION FISICA
Extensión 80 paginas.
Otros detalles físicos ilustraciones.;
Dimensiones 22 x 28 cm.
650 #4 - ASIENTO SECUNDARIO DE MATERIA - TERMINO TEMATICO
Término temático o nombre geográfico como elemento de entrada Biodiversidad
9 (RLIN) 92204
650 #4 - ASIENTO SECUNDARIO DE MATERIA - TERMINO TEMATICO
Término temático o nombre geográfico como elemento de entrada Financiación
9 (RLIN) 54065
662 ## - ASIENTO SECUNDARIO DE MATERIA - JERARQUIA DEL NOMBRE DE LUGAR(
Jurisdicción política intermedia América Latina
662 ## - ASIENTO SECUNDARIO DE MATERIA - JERARQUIA DEL NOMBRE DE LUGAR(
Jurisdicción política intermedia Islas del Caribe
700 1# - ASIENTO SECUNDARIO - NOMBRE PERSONAL
Nombre personal Locker, L.
9 (RLIN) 15662
700 1# - ASIENTO SECUNDARIO - NOMBRE PERSONAL
Nombre personal Russell, V.
9 (RLIN) 15663
700 1# - ASIENTO SECUNDARIO - NOMBRE PERSONAL
Nombre personal Cornwell, L.
9 (RLIN) 15664
700 1# - ASIENTO SECUNDARIO - NOMBRE PERSONAL
Nombre personal Fajer, E.
9 (RLIN) 15665
942 ## - ELEMENTOS ADICIONALES (KOHA)
Tipo de ítem Libro
Sistema de clasificación Dewey Decimal Classification
Existencias
Withdrawn status Lost status Sistema de Clasificación Damaged status No para préstamo Colección Inventariado Ubicación Permanente Ubicación actual Fecha de adquisición Fuente de Valor Valor Total Checkouts Número topográfico Inventario / Código de Barras Date last seen Ejemplar Price effective from Forma de adquisición Tipo de material
    Dewey Decimal Classification     General Inventariado 2017 Bogotá Bogotá 26/06/2001 Instituto 39000.00   LB-333.9516079 C35m 002941 04/12/2012 Ej. 1 04/12/2012   Libro